TASACIONES INMOBILIARIAS LO QUE EL TASADOR DEBE SABER PARA VALUAR UN INMUEBLE (Record no. 2577)

MARC details
000 -LEADER
campo de control de longitud fija 00602nam a22001817a 4500
001 - NÚMERO DE CONTROL
campo de control 9883
005 - FECHA Y HORA DE LA ÚLTIMA TRANSACCIÓN
campo de control 20250602012224.0
008 - DATOS DE LONGITUD FIJA--INFORMACIÓN GENERAL
campo de control de longitud fija 5230202011 dr
020 ## - NÚMERO INTERNACIONAL ESTÁNDAR DEL LIBRO
Número Internacional Estándar del Libro 99934-817-05
082 ## - NÚMERO DE LA CLASIFICACIÓN DECIMAL DEWEY
Número de clasificación RD 333.332
Número de ítem R1481t3
100 ## - ENTRADA PRINCIPAL--NOMBRE DE PERSONA
Nombre de persona RAMIREZ PEÑA SALVADOR
245 ## - MENCIÓN DEL TÍTULO
Título TASACIONES INMOBILIARIAS LO QUE EL TASADOR DEBE SABER PARA VALUAR UN INMUEBLE
Mención de responsabilidad, etc. Salvador Ramírez Peña.
250 ## - MENCION DE EDICION
Mención de edición 3
260 ## - PUBLICACIÓN, DISTRIBUCIÓN, ETC.
Lugar de publicación, distribución, etc. Santo Domingo :
Nombre del editor, distribuidor, etc. AMIGO DEL HOGAR
300 ## - DESCRIPCIÓN FÍSICA
Extensión 180 p. / 21 cm.
504 ## - NOTA DE BIBLIOGRAFÍA, ETC.
Nota de bibliografía, etc. Nota Incluye Bibliografía consultada.
650 ## - PUNTO DE ACCESO ADICIONAL DE MATERIA--TÉRMINO DE MATERIA
Término de materia o nombre geográfico como elemento de entrada 1 AVALUO CATASTRAL 2 TASACION 3 VALORACION DE BIENES RAICES
Holdings
Estatus retirado Estado de pérdida Estado de daño No para préstamo Colección Biblioteca de origen Biblioteca actual Fecha de adquisición Total de préstamos Signatura topográfica completa Código de barras Visto por última vez Copia número Precio de reemplazo Tipo de ítem Koha
        Acervo general de Libros Biblioteca Central Mons. Favio M. Rivas S. Biblioteca Central Mons. Favio M. Rivas S. 27/05/2015   RD 333.332 000000003863 23/05/2025 1 23/05/2025 Libros